Hydrological drought : processes and estimation methods for streamflow and groundwater
Αποθηκεύτηκε σε:
| Άλλοι συγγραφείς: | , |
|---|---|
| Μορφή: | Βιβλίο |
| Γλώσσα: | English |
| Δημοσίευση: |
Amsterdam :
Elsevier,
2004
|
| Έκδοση: | 1st ed. |
| Σειρά: | Developments in water science ;
; 48 |
| Θέματα: | |
| Ετικέτες: |
Προσθήκη ετικέτας
Δεν υπάρχουν, Καταχωρήστε ετικέτα πρώτοι!
|
MARC
| LEADER | 00000nam a2200000 i 4500 | ||
|---|---|---|---|
| 001 | 1/86872 | ||
| 008 | 080528s2004 eng d | ||
| 020 | |a 978-0-444-51767-8 (pbk.) | ||
| 020 | |a 0-444-51767-7 (pbk.) | ||
| 035 | |l 10097750 | ||
| 040 | |a GR-MY-UA |b gre |e aacr | ||
| 041 | 0 | |a eng | |
| 082 | 0 | |a 551.49 |2 (22) | |
| 245 | 1 | 0 | |a Hydrological drought : |b processes and estimation methods for streamflow and groundwater / |c edited by Lena M. Tallaksen, Henny A.J. Van Lanen |
| 250 | |a 1st ed. | ||
| 260 | |a Amsterdam : |b Elsevier, |c 2004 | ||
| 300 | |a xli, 579 σ.; |b εικ. (μερ. έγχρ.), χάρτες (μερ. έγχρ.); |c 25 εκ.+ |e 1 οπτική δισκέτα λέϊζερ Η/Υ (4 3/4 ίν.) | ||
| 490 | 1 | |a Developments in water science |v ; 48 | |
| 504 | |a Βιβλιογραφία: σ. 527-558 | ||
| 504 | |a Ευρετήριο: σ. 559-579 | ||
| 650 | 0 | 0 | |a Droughts. |
| 650 | 0 | 0 | |a Hydrogeology. |
| 650 | 0 | 0 | |a Groundwater flow. |
| 650 | 0 | 0 | |a Streamflow. |
| 700 | 1 | |a Tallaksen, Lena M. |4 edt | |
| 700 | 1 | |a Lanen, Henny A. J. van |d 1952- |4 edt | |
| 830 | 0 | |a Developments in water science ; |v ; 48 | |
| 852 | |a INST |b LESVOS |e 20100219 |h 551.49 HYD |p 005100041556 |q 005100041556 |t BK |y 0 | ||
| 852 | |a INST |b LESVOS |e 20080528 |h 551.49 HYD |p 005100041557 |q 005100041557 |t BK |y 0 | ||
| 901 | |a BIBL1-2008-2 | ||
| 909 | |a Λ |b 152050 | ||
| 909 | |a Λ |b 137558 | ||
| 922 | |a 1ΕΛΗ |b 200803 |c ΕΠΕΑΕΚ2/ΤΓ |d ΕΛΕΥΘΕΡΟΥΔΑΚΗΣ | ||
| 970 | |a ΚΑΡΑ |b ΓΙΑΣΕΜΗ |z 2008/05/28 | ||